000 00313nam a2200133Ia 4500
008 191206s9999 xx 000 0 und d
020 _a7704015427
090 _aPR91993L33D58
245 4 _aThe Diviners
260 _aBantam Books
260 _ccc1975
300 _a382 p. ; 25 cm.
999 _c17048
_d17048